000 00598nam a2200241Ia 4500
003 OSt
005 20221007101257.0
006 a|||||r|||| 00| 0
007 ta
008 221006b |||||||| |||| 00| 0 eng d
024 _a6,153
037 _cTextual
040 _aLCO
_cLCO
_beng
041 _2eng
_aeng
082 _aX:9584, L3
100 _aMAHESH CHANDRA
245 0 _aGratuaity Law.
260 _aBombay
_bN. M. Tripathi
_c1973
300 _a280
650 _aGRATUAITY LAW
_9702787
942 _hX:9584, L3
_cTEXL
999 _c1175716
_d1175716